| 000 | 00469nam a2200181Ia 4500 | ||
|---|---|---|---|
| 005 | 20250923144536.0 | ||
| 008 | 008 250917s9999 xx 000 0 eng d | ||
| 037 | _aTextual | ||
| 040 |
_aDSWL _beng _cDSWL |
||
| 041 |
_aeng _2eng |
||
| 084 | _qDSWL | ||
| 100 |
_aBenny, M _9825928 |
||
| 245 | 0 |
_aHow people vote _cby M Benny |
|
| 260 |
_aLondon _bRoutelrdge & Kegan Paul _c1956 |
||
| 300 | _axii,227,15 p. | ||
| 942 | _cTEXL | ||
| 999 |
_c1440232 _d1440232 |
||